New watering holes : (Record no. 147959)

MARC details
000 -LEADER
fixed length control field 00571nam a22001817a 4500
005 - DATE AND TIME OF LATEST TRANSACTION
control field 20171212123506.0
010 ## - LCCN (DPL NO)
LC control number ENG-121847
020 ## - INTERNATIONAL STANDARD BOOK NUMBER
International Standard Book Number 9789386288165
Terms of availability 395.00
035 ## - SYSTEM CONTROL NUMBER
System control number EN-105379
037 ## - SOURCE OF ACQUISITION
Source of stock number/acquisition DBAD/PUB
082 ## - DEWEY DECIMAL CLASSIFICATION NUMBER
Classification number N
100 ## - MAIN ENTRY--PERSONAL NAME
Personal name Hale,Roger R
245 ## - TITLE STATEMENT
Title New watering holes :
Remainder of title branda wong south asian art history and u c berkeley /
Statement of responsibility, etc by Roger R.Hale
260 ## - PUBLICATION, DISTRIBUTION, ETC. (IMPRINT)
Place of publication, distribution, etc New Delhi
Name of publisher, distributor, etc Knowledge World Publishers
Date of publication, distribution, etc 2017
270 ## - ADDRESS
Address 4676/21,First Floor,Ansari Road
City Daryaganj, New Delhi
Postal code 110002
300 ## - PHYSICAL DESCRIPTION
Extent viii,277p.
Dimensions 20cm(pbk)
942 ## - ADDED ENTRY ELEMENTS (KOHA)
Source of classification or shelving scheme Dewey Decimal Classification
Item type English Books
Classification part N
Call number suffix HAL
Holdings
Withdrawn status Lost status Not for loan Collection code Home library Current library Date acquired Source of acquisition Cost, normal purchase price Full call number Barcode Copy number Cost, replacement price Koha item type
    Not For Loan Fiction D.B.Act.Division Bawana 12/12/2017 DBAD/PUB 395.00 N HAL EN-105379 1 395.00 English Books

© Delhi Public Library
Hit Counter
free hit counter